000 01714nam a2200205Ia 4500
008 220216s9999 xx 000 0 und d
100 _aPathiratna L S S
245 0 _aEffect of some cultural practices on the growth and yield of the medicinal plant Solanum virginianum schrad (Katuwelbatu)
260 _bCeylon Journal of Science (Bio.Sci)
_c2004
300 _a75-80
520 _aExperiments were conducted to study the effect of inorganic, organic and combined inorgaic + organic fertilizer and natural shade under Gliricidia on the growth and dry matter (DM) yield of the medicinal plant Solanum virginianum schrad. The yield of total dry matter and of different plant parts were also studied in plants harvested at 70, 90 and 110 days after establishment. Application of cow dung as organic fertilizer as the basal at a rate of 15,000 kg/ha plus a dose of inorganic fertilizer (12:9:8 N:P:K) at a rate of 200 kg/ha after one month gave the highest DM yields compared to organic fertilizer only at the rate of 25,000 kg/ha or inorganic fertilizer only at the rate of 400kg/ha both as basal. The type of the fertilizer package used also affected the composition of leaves, stems and berries in plants. DM yields were low in plants harvested at 70 days. Higher DM yields obtained from plants harvested at 90 and 110 days were mostly due to the presence of more berries. Shade always reduced the DM yield of plants and the reductions were 40.6;and 57.6;under 58.0;and 45.0;available light respectively.
650 _aDry matter
650 _aHarvesting time
650 _aShade
650 _aSolanum virginianum
700 _aJoseph K D S M
700 _aPerera M K P
856 _uCopy
942 _cJS
999 _c58143
_d58143